Dynamický model stavební spořitelny
Všeobecný matematický model stavebnej sporiteľne zameraný na popis jej likvidity. Model je aplikovaný na zjednodušenej vzorovej situácii exponencionálneho úbytku a nárastu nových klientov.
Enregistré dans:
| Auteur principal: | |
|---|---|
| Format: | Chapitre de livre |
| Langue: | tchèque |
| Sujets: | |
| Tags: |
Pas de tags, Soyez le premier à ajouter un tag!
|
MARC
| LEADER | 00000naa a2200000 4500 | ||
|---|---|---|---|
| 001 | r026383 | ||
| 005 | 20230922092316.1 | ||
| 041 | 0 | |a cze | |
| 044 | |a CZ | ||
| 245 | 1 | 0 | |a Dynamický model stavební spořitelny |c P. Kielar |
| 520 | |a Všeobecný matematický model stavebnej sporiteľne zameraný na popis jej likvidity. Model je aplikovaný na zjednodušenej vzorovej situácii exponencionálneho úbytku a nárastu nových klientov. | ||
| 610 | 2 | 0 | |a sporiteľne stavebné |
| 610 | 2 | 0 | |a modely dynamické |
| 610 | 2 | 0 | |a modely matematické |
| 610 | 2 | 0 | |a modely statické |
| 610 | 2 | 0 | |a likvidita |
| 610 | 2 | 0 | |a klienti |
| 100 | 1 | |a Kielar, P. | |